000 03281nam0a2200445 4500
001 RU\NLR\BIBL_A\011718459
005 20250630160205.0
020 _aRU
_b15246
_9Сводный каталог листовок первых лет Советской власти (25 октября (7 ноября) 1917 - 1925) Т.5. Листовки советских, партийных, профсоюзных, комсомольских и других организаций Уральской области, автономных областей и республик РСФСР. Ч.2
035 _a(NLR Aleph) 011718459
090 _a11469522
_c11469522
100 _a20180604d1920 |||y0rusy50 ca
101 0 _arus
102 _aRU
105 _ay z 000zy
135 _acrcn 024anaba
200 1 _aПриказ Чердынского уездного комитета по всеобщей трудовой повинности по волкомтруда Чердынского уезда № 49, 25 окт. 1920 г., г. Чердынь
_e[о распределении по участкам и нормах выработки для мобилизованных на лесозаготовки
_eлистовка
_fЧердынский уезд. комитет по проведению всебщей трудовой повинности]
210 _aЧердынь
_cСов. тип.
_d1920, [окт.]
215 _a1 с. в 2 стб.
_d52х42
300 _aПодписи: предкомтруд Ермаков; председатель Уисполкома А. Белов; члены: за увоенкома Брикнер и др.
325 _aКопия доступна в Электрон. б-ке РНБ
517 1 _aо распределении по участкам и нормах выработки для мобилизованных на лесозаготовки
607 _aРСФСР
_jЛистовки
_xПолитика и управление
_y1917 - 1925
_92312782
_3RU\NLR\auth\6601609564
686 0 _aТ3(2)71-313,011
686 0 _aТ3(2)712.9-9(2Р-4Пе),011
702 1 _4720
_aЕрмаков
_cучастник установления советской власти, г. Чердынь
_9198203
_3RU\NLR\AUTH\770198254
702 1 _4720
_aБелов
_bА.
_cучастник установления советской власти, г. Чердынь
_9198214
_3RU\NLR\AUTH\770198265
702 1 _4720
_aБрикнер
_cучастник установления советской власти, г. Чердынь
_9198151
_3RU\NLR\AUTH\770198202
710 0 2 _aЧердынский уездный комитет по проведению всебщей трудовой повинности
_9630382
_3RU\NLR\AUTH\880484975
852 0 0 _aNLR
_bФЛ
_j46/3
856 0 _uhttps://vivaldi.nlr.ru/ll700001024/view
856 1 _uhttps://vivaldi.nlr.ru/ll700001024/cover
856 2 _uhttps://vivaldi.nlr.ru/ll700001024/text
942 _cBOOK
980 _aNB
981 2 1 _a(21) Листовки
_b(21) Листовки 1920 года